000 01218nam a22002897a 4500
001 1157
005 20230808103814.0
008 230804b cb ||||| |||| 00| 0 khr d
020 _a9789996305955
040 _aFISKH
_beng
_cFISKH
_dFISKH
082 _a791.43
100 _aVanthary, Oum
245 _aរបស់លេងដែលខ្ញុំចូលចិត្ត​
246 _aMy favorite toys
250 _aបោះពុម្ភលើកទី ៤ មេសា ២០២១
260 _aPhnom Penh :
_bSipar,
_c2021.
300 _a16 unnumbered pages :
_bcolor illustrations ;
_c17 cm
505 _aaa
520 _aកុមារតូចនឹងបានរៀនអំពីពាក្យដំបូងនៃរបស់លេងមួយចំនួនរបស់ពួកគេជាមួយនឹងរូបភាពពណ៍ផងដែរ។
520 _aBasic vocabulary of toys with painted pictures are introduced to young children.
521 _a10
_bLexile estimate
521 _aaa
_bRaz-Plus
650 _aរបស់លេង
_vរូបភាព
650 _aToys
_vPictures
700 _aVisoth, Seng
_cillustrator
942 _2ddc
_cBK
_n0
999 _c1157
_d1157